000 00258nam a22001217a 4500
003 SGT
082 _a616.89
_bC13F
100 _aFUGGLE, PETER
245 _aCBT WITH CHILDREN YOUNG PEOPLE
260 _aLONDON
_bSAGE
_c2013
300 _a302
942 _2ddc
_cBK
999 _c14988
_d14988